000
00261nam a2200097Ia 4500
001
955945
005
20250826215815.0
008
250824s9999 xx 000 0 und d
245
0
_a
BÖYLE ŞEYLER FİLMLERDE OLUR
_c
İSMAİL KILIÇARSLAN
260
_b
KETEBE YAYINLARI
999
_c
955945
_d
955945